| 000 | 01196nab a22002177a 4500 | ||
|---|---|---|---|
| 999 |
_c6058 _d6058 |
||
| 003 | OSt | ||
| 005 | 20260120235357.0 | ||
| 008 | 190514b xxu||||| |||| 00| 0 spa d | ||
| 040 | _cPJ | ||
| 100 |
_96840 _aBerra, Elisabeth I. |
||
| 245 | 1 | 3 |
_aEl derecho a morir dignamente desde una perspectiva constitucional / _cElisabeth I. Berra. |
| 300 | _ap. 192-203 | ||
| 500 | _aCita: TR LALEY AR/DOC/258/2024. | ||
| 505 | _aSumario: I. Introducción.— II. El caso "S. O., R. M. y otros c. Municipalidad de Córdoba".— III. El derecho a una muerte digna en el sistema jurídico argentino.— IV. El derecho a la objeción de conciencia de los profesionales de la salud.— V. Reflexiones finales. | ||
| 505 | _tFallo comentado: TS Córdoba, sala electoral, de comp. originaria y asuntos institucionales ~ 02/11/2023 ~ S. O., R. M. y otros c. Municipalidad de Córdoba s/ amparo ley 4915. | ||
| 650 | 0 |
_9967 _aDERECHO DE FAMILIA |
|
| 650 | 0 |
_91271 _aMUERTE DIGNA |
|
| 650 | 0 |
_91057 _aJURISPRUDENCIA APLICABLE |
|
| 773 | 0 |
_02844 _93222 _dBuenos Aires : AbeledoPerrot, 1989- _tDerecho de familia. Revista Interdisciplinaria de doctrina y jurisprudencia. Abril 2024-II. _z18511201 |
|
| 942 |
_2udc _cANA |
||